Recurring US City Names - Statistics

General Stats
  • This quiz has been taken 111 times
    102 since last reset
  • The average score is 6 of 19
Answer Stats
# City % Correct
3 Springfield
77%
2 Columbia
63%
2 Columbus
63%
2 Kansas City
53%
2 Rochester
50%
2 Albany
37%
2 Aurora
37%
2 Concord
27%
2 Richmond
27%
2 Peoria
23%
2 Fayetteville
20%
2 Glendale
20%
2 Pasadena
20%
2 Wilmington
13%
3 Bloomington
10%
2 Lafayette
10%
2 Lawrence
10%
2 Lakewood
7%
2 Westminster
7%
No matching quizzes found
Score Distribution
Percent of People with Each Score
Percentile by Number Answered
Your Score History
You have not taken this quiz since the last reset